Mengapa burung gagak hitam

Bibliographic Details
Main Author: Yulis Hj.Aluwi
Format: Book
Published: Selangor : Penerbit Pinang Sdn Bhd , 2002
Series:Siri teladan dari rimba 1
Subjects:

MARC

LEADER 00000cam a2200000 7i4500
001 0000072917
005 20220105104250.0
008 170520
020 |a 9830553957 (set) 
020 |a 9830554031 
090 0 0 |a MOR   |b MAL 
100 0 |a Yulis Hj.Aluwi 
245 1 0 |a Mengapa burung gagak hitam   |c Yulis Hj.Ali 
260 |a Selangor :   |b Penerbit Pinang Sdn Bhd ,   |c 2002 
300 |a 10p. :   |b col.ill. 
490 1 |a Siri teladan dari rimba 1 
500 |a Children age 4-6 years old (yellow) 
650 0 |a Children's stories,Malay 
999 |a 0001054404   |b Book   |c Children Collection   |e Cawangan Tangkak